| 000 | 01344ngm a22003850a 4500 | ||
|---|---|---|---|
| 001 | PT42483 | ||
| 003 | AR-LpoUNG | ||
| 005 | 20210201235942.0 | ||
| 007 | vd cvaizq | ||
| 008 | 191001s1986||||ag |||||||||||||||||fre d | ||
| 040 |
_aAR-LpoUNG _bspa _cAR-LpoUNG _eaacr |
||
| 041 |
_afre _aspa |
||
| 044 | _aag | ||
| 082 | 0 | _a980.033 837est | |
| 100 | 1 |
_aCosta-Gavras, Constantin _edir. |
|
| 245 | 1 | 0 | _aEstado de sitio |
| 250 | _a1ª ed. | ||
| 260 |
_aBuenos Aires : _bPágina 12, _c1986. |
||
| 300 | _aDVD (115 min.) : son., col. | ||
| 505 | 0 | _aGuión: Franco Solinas ; música: Mikis Theodorakis. - Elenco: Yves Montand, Renato Salvatori, O.E. Hasse, Jacques Weber, Yvette Etiévant, Nemesio Antúnez. | |
| 520 | _aPrimero fue Z, luego La Confesión, ahora Costa Gavras nos presenta Estado de Sitio. Una denuncia al mundo de la intervención norteamericana en Latinoamérica. Denuncia basada en la cruda narrativa de hechos verdaderos, sometidos a una cronología lógica y fiel. | ||
| 650 | 4 | _aAMERICA LATINA | |
| 650 | 4 | _aHISTORIA SOCIAL | |
| 650 | 4 | _aMOVIMIENTOS DE LIBERACION NACIONAL | |
| 650 | 4 | _aPOLITICO | |
| 650 | 4 | _aREPRESION | |
| 650 | 4 | _aURUGUAY | |
| 650 | 4 | _aVIOLENCIA | |
| 651 | 4 | _aAmérica Latina | |
| 653 | _aCINE FRANCES | ||
| 653 | _aDVD | ||
| 653 | _aVIDEOS | ||
| 905 | _a42483 | ||
| 942 | _cDVD | ||
| 999 |
_c53824 _d53824 |
||